20 Words That End in 'ICT' Quiz Stats

 Plays Quiz Updated Dec 16, 2015

Score 0/20 Timer 05:00
3 Plays Today
Hint Answer % Correct
Someone who compulsively engages in substance abuseADDICT
97.6%
The 'D' in Washington, D.C.DISTRICT
96.4%
Kick someone out of their houseEVICT
93.7%
Person serving a prison sentenceCONVICT
92.6%
Jury's decisionVERDICT
91.2%
What a boa (snake) will do CONSTRICT
88.6%
Actor CumberbatchBENEDICT
71.7%
Government decreeEDICT
67%
To cause suffering or harmAFFLICT (or INFLICT)
63.8%
Like a disciplinarianSTRICT
59.7%
Hint Answer % Correct
Run-down and abandonedDERELICT
58.9%
Put a limit onRESTRICT
56.5%
A ____ of interestCONFLICT
49.1%
PrognosticatePREDICT
48.4%
Bring a formal charge againstINDICT
37.3%
Show on-screenDEPICT
37%
Ancient Scot or CaledonianPICT
28.1%
Deny the truth of somethingCONTRADICT
21.2%
Prohibit or forbidINTERDICT
9.4%
Remnant of a speciesRELICT
8.8%

You're not logged in!

Compare scores with friends on all Sporcle quizzes.
OR
Log In

Show Comments

Extras

Top Quizzes Today


Score Distribution

Your Account Isn't Verified!

In order to create a playlist on Sporcle, you need to verify the email address you used during registration. Go to your Sporcle Settings to finish the process.

Report this User

Report this user for behavior that violates our Community Guidelines.

Details: